| 000 | 00538nam a22002297a 4500 | ||
|---|---|---|---|
| 005 | 20250610150410.0 | ||
| 008 | 160412b xxu||||| |||| 00| 0 spa d | ||
| 020 | _a9788437624747 | ||
| 041 | _aESP | ||
| 082 | _aAR 863.4 C827r29 | ||
| 100 |
_aCortázar, Julio _912295 |
||
| 245 | _aRayuela | ||
| 250 | _a29 edición | ||
| 260 | _aEspaña | ||
| 260 | _bCátedra | ||
| 260 | _c2015 | ||
| 300 | _a746 páginas | ||
| 490 | _aTemática General | ||
| 650 | _aLITERATURA ARGENTINA | ||
| 650 | _aNOVELA ARGENTINA | ||
| 942 |
_cLIT _2ddc |
||
| 999 |
_c7935 _d7935 |
||